Teaching and Learning Elementary and Middle School Mathematics /

Teaching mathematics to elementary and middle school students; Creating and solving problems; Technology in teaching; Rational numbers and operations; Probability; Geometry; Algebra; Organizing math instruction.

Đã lưu trong:
書目詳細資料
主要作者: Sheffield, Linda Jensen.
其他作者: Cruikshank, Douglas E.
格式: 圖書
語言:English
出版: [kn] : John Wiley and Sons, 2000.
版:4th ed.
主題:
標簽: 添加標簽
沒有標簽, 成為第一個標記此記錄!
Thư viện lưu trữ: Mạng thư viện Đại học Đà Nẵng
LEADER 01265cam a2200373 i 4500
001 000045180
003 4316
005 20030226090741.0
008 010322|2000 vm 000 eng
020 |a 0471365467 
040 |a IRC  |c IRC  |d IRC 
041 0 |a eng 
082 1 4 |a 510.712  |b SH-L 
100 1 |a Sheffield, Linda Jensen. 
245 0 0 |a Teaching and Learning Elementary and Middle School Mathematics /  |c Linda Jensen Sheffield, Douglas E. Cruikshank. 
250 |a 4th ed. 
260 |a [kn] :  |b John Wiley and Sons,  |c 2000. 
300 |a 520p. ;  |c 28cm. 
520 3 |a Teaching mathematics to elementary and middle school students; Creating and solving problems; Technology in teaching; Rational numbers and operations; Probability; Geometry; Algebra; Organizing math instruction. 
630 0 4 |a Mathematics. 
630 0 4 |a Middle school mathematics. 
650 0 4 |a Mathematics  |x Study and Teaching (Elementary) 
650 0 4 |a Mathematics  |x Study and teaching (Middle school) 
700 1 |a Cruikshank, Douglas E. 
OWN |a DUT 
999 |a From the UDN01 
TYP |a Monograph 
TYP |a Printed language 
980 |a Mạng thư viện Đại học Đà Nẵng